| 000 | 00950nmm a2200301 a 4500 | ||
|---|---|---|---|
| 001 | ocm000578203 | ||
| 003 | TR-IsHL | ||
| 005 | 20201028122036.0 | ||
| 008 | 110704s2006 tu tur | ||
| 007 | cr cn | ||
| 020 | _a9789758312337 | ||
| 035 |
_a578203 _b(N$T) |
||
| 050 | 0 | 4 |
_aBX955.3 _b.K65 2006 |
| 090 | 0 | 4 |
_aBX955.3 _b.K65 2006 |
| 100 | 1 | _aKolçak, Harun | |
| 245 | 1 | 0 |
_aAziz Malachy'nin kehanetleri'ne göre papalığın sonu _h[electronic resource] / _cHarun Kolçak |
| 250 | _a4. bs. | ||
| 260 |
_aİstanbul : _bSınırötesi Yayınları, _c2006 |
||
| 300 | _a319 p. | ||
| 650 | 4 | _aFelsefe, Psikoloji ve Din | |
| 650 | 4 | _aPhilosophy, Psychology and Religion | |
| 650 | 0 | _aPapalık | |
| 650 | 0 | _aPapacy | |
| 650 | 0 | _aHristiyanlık | |
| 650 | 0 | _aChristianity | |
| 650 | 7 |
_aRELIGION / Christianity / General _2bisacsh |
|
| 856 | 4 | 0 | _uhttp://search.ebscohost.com/login.aspx?direct=true&scope=site&db=e011xww&AN=578203 |
| 999 |
_c1653 _d1653 |
||